| 000 | 00338 a2200145 4500 | ||
|---|---|---|---|
| 001 | 177491 | ||
| 020 | _a | ||
| 040 | _cMagnum | ||
| 100 | _aDidonet,marcos | ||
| 240 | 1 | 0 |
_aPrograma de ed. ambiental / energia _lpor |
| 245 | 1 | 0 | _aPrograma de ed. ambiental / energia |
| 362 | 0 | _a1899 | |
| 697 | _aMAGNITO: IJ/PARADIDATICO | ||
| 942 | _cBK | ||
| 999 |
_c177491 _d177491 |
||